| Поле | Инд. | ПП | Название | Значение |
|---|---|---|---|---|
| Тип записи | a | |||
| Библиографический уровень | m | |||
| 001 | Контрольный номер | RU/IS/BASE/294161446 | ||
| 005 | Дата корректировки | 20220114115252.5 | ||
| 200 | 1_ | a | Заглавие | Французская культура и цивилизация |
| e | Сведения, относящиеся к заглавию | на фр. языке | ||
| b | Общее обозначение материала | Текст | ||
| 210 | 1_ | a | Место издания | Дидье |
| d | Дата издания | 1962 | ||
| 215 | a | Объем | 508 с. | |
| 606 | a | Основная рубрика | Французская культура | |
| 610 | 0_ | a | Ключевые слова | культура французская |
| a | Ключевые слова | цивилизация французская | ||
| 686 | a | Классификационный индекс | Ч1 | |
| 2 | Код системы | rubbk | ||
| 700 | _1 | a | Фамилия | Жинестье |
| 801 | _0 | a | Страна | RU |
| b | Организация | ОГУ им. И.С.Тургенева, НБ | ||
| g | Правила каталогизации | PSBO | ||
| 801 | _1 | a | Страна | RU |
| b | Организация | ОГУ им. И.С.Тургенева, НБ | ||
| g | Правила каталогизации | PSBO | ||
| 852 | j | Шифр хранения | Ч1 | |
| c | Местонахождение стеллажа | Ч1 | ||
| i | Авторский знак | Ж 728 | ||
| p | Инвентарный номер | 1629д | ||
| 990 | j | Количество экземпляров (DOS) | 1 | |
| v | Состоит на ИУ (DOS) | 1 | ||
| z | Выбыло (DOS) | 0 |